000 00165nam a22000857a 4500
999 _c16232
_d16232
003 OSt
008 200625b ||||| |||| 00| 0 eng d
245 _aMaths
942 _cBK